Decline in NR prices and adoption of agro-management practices in smallholdings in India : some observations (Record no. 56741)

MARC details
000 -LEADER
fixed length control field 02092nam a2200217Ia 4500
100 ## - MAIN ENTRY--AUTHOR NAME
Personal name Viswanathan P K
245 #0 - TITLE STATEMENT
Title Decline in NR prices and adoption of agro-management practices in smallholdings in India : some observations
260 ## - PUBLICATION, DISTRIBUTION, ETC. (IMPRINT)
Name of publisher Planter
Year of publication 2001
300 ## - PHYSICAL DESCRIPTION
Number of Pages 65-76
520 ## - SUMMARY, ETC.
Summary, etc The period since mid-90s has been unique in the case of natural rubber(NR) in India as it experienced severe crisis characterised by sharp increases in NR prices during 1995-96 followed by a steep decline thereafter. The crisis in NR prices poses severe constraints on the viability and sustenance of rubber cultivation as well as adverse effects on the adoption of improved agro-management practices by the small growers in India. In this backdrop, an attempt has been made to examine the immediate responses of the small rubber growers in Kerala(Which constitutes the dominant ruber-growing region in India) towards the decline in rubber prices. The important agromanagement practices considered were fertiliser application, spraying, use of rainguards, labour use, soil testing, plant protection measures, growers sales preference, etc. The study showed that there was a perceptible decline in the adoption of the important cultural practices considered, including stagnancy in tapping wages. Since the NR prices still continue to be at lower levels, the adverse effects on the adoption of agro-management practices would be much more serious in the long run. Hence, any policy level intervention by the government warrants through empirical investigation into the magnitude and extent of decline in production, productivity, loss of income, employment and earnings at various asset levels of the small growers as well as labourers to further confirm the initial findings of the study.
650 ## - SUBJECT ADDED ENTRY--TOPICAL TERM
Topical Term Agro-management measures
650 ## - SUBJECT ADDED ENTRY--TOPICAL TERM
Topical Term Labour use
650 ## - SUBJECT ADDED ENTRY--TOPICAL TERM
Topical Term Natural rubber
650 ## - SUBJECT ADDED ENTRY--TOPICAL TERM
Topical Term Price crisis
650 ## - SUBJECT ADDED ENTRY--TOPICAL TERM
Topical Term Sale preference
650 ## - SUBJECT ADDED ENTRY--TOPICAL TERM
Topical Term Smallholdings
650 ## - SUBJECT ADDED ENTRY--TOPICAL TERM
Topical Term Tapping wages
700 ## - ADDED ENTRY--PERSONAL NAME
Personal name Rajasekharan P
942 ## - ADDED ENTRY ELEMENTS (KOHA)
Koha item type Journals
Holdings
Withdrawn status Lost status Damaged status Not for loan Home library Current library Shelving location Date acquired Serial Enumeration / chronology Koha item type
      Journals RRII Library RRII Library Agricultural economics 17/12/2021 Volume 77, Issue 899 Journals